Complete the Trio Quiz Stats

Quiz Updated Sep 20, 2014

Challenge
Share
Tweet
Embed
Score 0/24 Timer 04:00
6 Plays Today
% Correct
Louie
94.4%
Buttercup
93.3%
Holy Spirit
92.7%
Churchill
91.9%
Muhammad
90.5%
Hermione
90.4%
Curly
89.1%
Anne
85.9%
Harpo
84.5%
Mary
82.9%
Nash
82.8%
Shiva
80.2%
% Correct
Hirohito
80.2%
Balthasar
80%
Aramis
78.3%
Frazier
76.8%
Pavarotti
75.7%
Maurice
74.9%
Wyatt
73.8%
Nod
72.3%
Chase
70.4%
Palmer
70.4%
Luciano
64.6%
Abednego
63.6%

You're not logged in!

Compare scores with friends on all Sporcle quizzes.
Join for Free
OR
Log In

You Might Also Like...

Show Comments

Extras

Top Quizzes Today


Score Distribution

Your Account Isn't Verified!

In order to create a playlist on Sporcle, you need to verify the email address you used during registration. Go to your Sporcle Settings to finish the process.

Report this User

Report this user for behavior that violates our Community Guidelines.

Details: